| 000 | 00499nam a2200169 a 4500 | ||
|---|---|---|---|
| 005 | 20140412111247.0 | ||
| 008 | 010907s19uu xx 00 eng d | ||
| 020 | _a0-85229-298-8 | ||
| 050 |
_aR 030 _bF12 1994,v.11 |
||
| 100 | _aFadiman, Clifton | ||
| 245 |
_aThe people and places book / _ctext by Clifton Fadiman. |
||
| 260 |
_a[S.l.] : _bEncyclopedia Britannica, Inc, _c1994. |
||
| 300 | _a60 p. ; ill. | ||
| 440 | _aBritannica Discovery Library | ||
| 650 | _aEncyclopedias | ||
| 999 |
_c102983 _d102983 |
||